00258nam a22000977a 4500008004100000082001900041245003000060260003500090300001500125440002000140230703b xxu||||| |||| 00| 0 eng d a348.bCLB 1989 aCommonwealth Law Bulletin bCommonwealth Secretariatc1989 aXVIII,766p n2v17x03050718